Music Quiz

Random Music or Lyrics Quiz

Focus on Lyrics: Songs With Rain Quiz Stats

 Plays Quiz Updated Oct 2, 2017

Challenge
Share
Tweet
Embed
Score 0/16 Timer 04:00
9 Plays Today
% Correct
'Candle in the Wind' by Elton John
87.8%
'Jumpin' Jack Flash' by the Rolling Stones
85.2%
'Purple Rain' by Prince
79.8%
'Fire and Rain' by James Taylor
78.1%
'Who'll Stop the Rain' by Creedence Clearwater Revival
75.3%
'Here Comes the Rain Again' by the Eurythmics
69.6%
'Red Rain' by Peter Gabriel
67.9%
'Penny Lane' by The Beatles
66%
% Correct
'MacArthur Park' by Richard Harris
59.3%
'Where the Streets Have No Name' by U2
51.9%
'Modern Love' by David Bowie
47%
'You May Be Right' by Billy Joel
42.8%
'A Hard Rain's A-Gonna Fall' by Bob Dylan
36.2%
'Ramble On' by Led Zeppelin
34%
'Love Reign O'er Me' by The Who
27.8%
'Let It Rain' by Eric Clapton
24.3%

You're not logged in!

Compare scores with friends on all Sporcle quizzes.
Join for Free
OR
Log In

You Might Also Like...

Show Comments

Extras

Top Quizzes Today


Score Distribution

Your Account Isn't Verified!

In order to create a playlist on Sporcle, you need to verify the email address you used during registration. Go to your Sporcle Settings to finish the process.

Report this User

Report this user for behavior that violates our Community Guidelines.

Details: